Canadian Rivers - Statistics

General Stats
  • This quiz has been taken 336 times
  • The average score is 8 of 22
Answer Stats
Hint Answer % Correct
Drains Lake Ontario St. Lawrence
86%
Longest river in Canada Mackenzie
79%
Runs through Vancouver BC Fraser
61%
Runs north through Winnipeg Red
59%
North branch runs through Edmonton Saskatchewan
55%
Ends at Montreal Ottawa
50%
Runs through Fort McMurray Athabasca
47%
Runs through Revelstoke BC Columbia
41%
Runs through Calgary Bow
40%
Drains Lake Erie Niagara
40%
Drains Lake Huron St. Clair
32%
Starts in BC, drains into Lake Athabasca Peace
30%
Drains Lake St. Clair Detroit
28%
Labrador's longest river, also known as the "Grand" Churchill
25%
Runs just east of downtown Toronto Don
23%
Drains Lake Athabasca into Great Slave Lake Slave
23%
Drains Lake Winnipeg Nelson
21%
Tributaries include the Chicoutimi and Mistassini Rivers Saguenay
20%
Runs east to Winnipeg Assiniboine
19%
Longest river that runs through Canada and drains to the Gulf of Mexico Milk
13%
Separates Minnesota from Ontario Rainy
9%
Tied with Severn River as longest river in Ontario Albany
6%
No matching quizzes found
Score Distribution
Percent of People with Each Score
Percentile by Number Answered
Your Score History
You have not taken this quiz